| 000 | 00772nam a2200205 a 4500 | ||
|---|---|---|---|
| 001 | 57697 | ||
| 005 | 20180714054006.0 | ||
| 008 | 140415s1990 mx 000 0 spa d | ||
| 020 | _a9682925770 | ||
| 041 | _aspa | ||
| 082 |
_a972.75 _bBEN |
||
| 100 | 1 | _aBENJAMIN, THOMAS LOUIS | |
| 245 | 1 | 3 |
_aEL CAMINO A LEVIATAN : _bCHIAPAS Y EL ESTADO MEXICANO |
| 250 | _a1a ed. | ||
| 260 |
_aMEXICO : _bCONSEJO NACIONAL PARA LA CULTURA Y LAS ARTES, _c1990 |
||
| 300 |
_a537 _c13.2 x 2 x 21 |
||
| 490 | _aLOS NOVENTA | ||
| 520 | _aEL AUTOR BUSCA DEMOSTRAR CUALES FUERON LOS IMPULSOS LOCALES QUE INTERVINIERON EL EL PROCESO DE LA HISTORIA DE CHIAPAS. | ||
| 650 | 1 | 4 |
_aCHIAPAS (MEXICO) _xHISTORIA _xMEXICO _xPOLITICA Y GOBIERNO _xCHIAPAS (MEXICO) _xCONDICIONES ECONOMICAS |
| 999 |
_c57697 _d57697 |
||